| 000 | 01033cab a2200277 4500 | ||
|---|---|---|---|
| 001 | WB3428-40 | ||
| 008 | 090401t1998 xxu||||| |||| 00| 0 eng d | ||
| 035 | _a(Sirsi) u87520 | ||
| 041 | _aeng | ||
| 245 | _aProtection plea for England`s glory | ||
| 260 | _c1998 | ||
| 350 | _a0 | ||
| 490 |
_aCountryside _v(87) Summer 1998, 1(1) |
||
| 520 | _aA Countryside Commission report, Protecting our finest Countryside: Advice to Government (CCP 532), recommends new steps to improve the protection and management of Areas of Outstanding Natural Beauty (AONBs). New legislation is needed to protect them and to provide more money for their upkeep and management. (Report free from Countryside Commission postal sales.) | ||
| 650 | _aAONB | ||
| 650 | _aAREAS OF OUTSTANDING NATURAL BEAUTY | ||
| 650 | _aCOUNTRYSIDE COMMISSION | ||
| 650 | _aFUNDING | ||
| 650 | _aLEGISLATION | ||
| 650 | _aLOCAL AUTHORITIES | ||
| 650 | _aPROTECTION | ||
| 650 | _aREPORT | ||
| 690 | _aRURAL PRACTICE | ||
| 942 | _n0 | ||
| 948 | _c21/07/1998 | ||
| 999 |
_c55213 _d55213 |
||